Filosofía y teología, Dios y el hombre
Salvato in:
| Autore principale: | |
|---|---|
| Natura: | Libro |
| Lingua: | spagnolo |
| Pubblicazione: |
Madrid
Bac-Editorial
2011
|
| Edizione: | 1a. ed |
| Serie: | Biblioteca de Autores Cristianos, 8
|
| Soggetti: | |
| Tags: |
Aggiungi Tag
Nessun Tag, puoi essere il primo ad aggiungerne!!
|
MARC
| LEADER | 00000cam a2200000 a 4500 | ||
|---|---|---|---|
| 001 | UCD1117 | ||
| 003 | CL-VaPUC | ||
| 008 | 160107e20110000sp |||||||||||||||||spa|d | ||
| 020 | |a 9788422015307 | ||
| 082 | 0 | 4 | |a 212 |b DUN |2 21 |
| 100 | 0 | |a Duns Escoto, Juan |e author |9 449368 | |
| 245 | 1 | 0 | |a Filosofía y teología, Dios y el hombre |
| 250 | |a 1a. ed | ||
| 300 | |a 394 p | ||
| 942 | |c BK | ||
| 945 | |d 20160107 17:53:00 |a arojas | ||
| 260 | |a Madrid |b Bac-Editorial |c 2011 | ||
| 650 | 0 | |a Filosofía |9 223554 | |
| 650 | 0 | |a Teología |9 258766 | |
| 650 | 0 | |a Existencia |9 347398 | |
| 650 | 0 | |a Existencia de Dios |9 266954 | |
| 650 | 0 | |a Dios |9 266622 | |
| 583 | |a last modification |c 20160107 17:53:00 |k Rodrigo Vera | ||
| 490 | 0 | |a Biblioteca de Autores Cristianos, 8 | |
| 999 | |c 362536 |d 362534 | ||
| 952 | |0 0 |1 0 |3 erb |4 0 |6 212_000000000000000_DUN_2011 |7 0 |8 A |9 473835 |a BIBTEO |b BIBTEO |i 5260108 |o 212 DUN 2011 |p 5260108 |r 2025-01-17 |w 2019-11-24 |y BK |z Catalogado en:20160107 |k ICR | ||